Le Tourisme au Pérou à l'époque de Fujimori: entre décomposition et recomposition /

Збережено в:
Бібліографічні деталі
Автор: Raymond, Nathalie
Формат: Текст
Теги: Додати тег
Немає тегів, Будьте першим, хто поставить тег для цього запису!

MARC

LEADER 00000 a a2200000 04500
001 8988
003
040
100 |a Raymond, Nathalie  
245 |a Le Tourisme au Pérou à l'époque de Fujimori:   |b entre décomposition et recomposition /  |c Nathalie Raymond  
773 |g número 190; páginas 77-86  
999 |c 20093  |d 20093